| 000 | 00426nam a2200157 a 4500 | ||
|---|---|---|---|
| 005 | 20140310183333.0 | ||
| 008 | 060905s19uu xx 00 eng d | ||
| 020 | _a9719171952 | ||
| 050 |
_aG 2394 _b.M594a2 2006 |
||
| 245 | _aMetro Manila Citi Atlas / | ||
| 260 |
_aMandaluyong City, Philippines : _bAsiatype, Inc, _c2006. |
||
| 300 |
_a190 p. : _bill. some col. : |
||
| 650 | _aAtlas. | ||
| 942 |
_cBK _2lcc |
||
| 999 |
_c21631 _d21631 |
||